[Event "Leitersdorf op"]
[Site "Leitersdorf"]
[Date "2016.01.05"]
[Round "4"]
[White "Konrad, Johann"]
[Black "Schernthaner, Markus"]
[Result "0-1"]
[WhiteElo "1439"]
[BlackElo "1171"]
[PlyCount "119"]
[EventDate "2016.01.02"]
[EventType "swiss"]
[EventRounds "5"]
[EventCountry "AUT"]
[SourceTitle "CBM 170 Extra"]
[Source "ChessBase"]
[SourceDate "2016.02.25"]
[SourceVersion "1"]
[SourceVersionDate "2016.02.25"]
[SourceQuality "1"]

1. e4 e5 2. Nf3 Nc6 3. d4 exd4 4. Nxd4 Qf6 5. Be3 Nxd4 6. Bxd4 Qc6 7. Nc3 Bb4 8. Qf3 Qg6 9. Bd3 c5 10. e5 Qe6 11. Bf5 Qe7 12. Be3 Qxe5 13. 0-0 Bxc3 14. bxc3 Ne7 15. Be4 d5 16. Bd3 c4 17. Bd4 Qg5 18. Be2 0-0 19. Rfe1 Bf5 20. Bd1 Rfe8 21. Be3 Qf6 22. Bd2 Qg6 23. Rc1 Be4 24. Qh3 Nc6 25. Bf3 Bxf3 26. Qxf3 Qd6 27. Bf4 Qd7 28. Kf1 Re6 29. Rxe6 fxe6 30. Qg4 Qf7 31. Re1 Rf8 32. Bg3 e5 33. Qe2 e4 34. Kg1 Ne7 35. Bd6 Qe6 36. Bxe7 Qxe7 37. f3 Re8 38. fxe4 Qxe4 39. Qxe4 Rxe4 40. Rxe4 dxe4 41. Kf2 Kf7 42. Ke3 Ke6 43. Kxe4 b5 44. a3 g5 45. Kd4 Kd6 46. g4 a6 47. Ke4 Ke6 48. Kd4 Kd6 49. h3 a5 50. Ke4 Ke6 51. Kd4 Kd6 52. Ke3 Ke5 53. Kf3 h6 54. Kg3 Ke4 55. h4 Ke3 56. hxg5 hxg5 57. Kg2 Kf4 58. Kh3 Kf3 59. a4 bxa4 60. Kh2 0-1

[Event "Leitersdorf Region-ch"]
[Site "Leitersdorf"]
[Date "2015.01.05"]
[Round "4"]
[White "Konrad, Johann"]
[Black "Schrank, Manfred"]
[Result "1/2-1/2"]
[WhiteElo "1449"]
[BlackElo "1773"]
[PlyCount "47"]
[EventDate "2015.01.02"]
[EventType "swiss"]
[EventRounds "5"]
[EventCountry "AUT"]
[SourceTitle "CBM 164 Extra"]
[Source "ChessBase"]
[SourceDate "2015.03.02"]
[SourceVersion "1"]
[SourceVersionDate "2015.03.02"]
[SourceQuality "1"]

1. e4 e6 2. d4 d5 3. e5 c5 4. Nf3 Nc6 5. Bb5 Bd7 6. 0-0 Nxe5 7. Be2 Nc6 8. c3 Rc8 9. Re1 Nf6 10. Bd3 cxd4 11. cxd4 Nb4 12. Nc3 Nxd3 13. Qxd3 Be7 14. Bf4 0-0 15. Ne5 a6 16. a4 Bc6 17. Re3 Nh5 18. Nxc6 Rxc6 19. Rh3 Nf6 20. Qg3 Bd6 21. Be5 Bxe5 22. Qxe5 Qd6 23. Qg5 Rfc8 24. Re1 1/2-1/2

[Event "Leitersdorf Region-ch"]
[Site "Leitersdorf"]
[Date "2013.01.05"]
[Round "4"]
[White "Amtmann, Franz"]
[Black "Konrad, Johann"]
[Result "1-0"]
[WhiteElo "1864"]
[BlackElo "1445"]
[PlyCount "87"]
[EventDate "2013.01.02"]
[EventType "swiss"]
[EventRounds "5"]
[EventCountry "AUT"]
[SourceTitle "CBM 152 Extra"]
[Source "ChessBase"]
[SourceDate "2013.02.25"]
[SourceVersion "1"]
[SourceVersionDate "2013.02.25"]
[SourceQuality "1"]

1. e4 c5 2. Nc3 b6 3. Bc4 e6 4. Nf3 d6 5. d3 Bb7 6. a4 a6 7. 0-0 Be7 8. Bd2 Nc6 9. Re1 Nf6 10. h3 Qc7 11. Ne2 h6 12. Ng3 0-0-0 13. Bc3 Ne5 14. Nxe5 dxe5 15. Qe2 Nh7 16. Bd2 Bg5 17. Bc3 Bf6 18. Ba2 g6 19. a5 b5 20. b4 Be7 21. bxc5 Bxc5 22. Bd2 Bd4 23. c3 Bc5 24. Kh2 Kb8 25. Bb3 h5 26. c4 Bd4 27. Ra2 Qc5 28. Rc1 Bxf2 29. cxb5 Bxg3+ 30. Kxg3 Qxb5 31. Bc4 Qd7 32. Rb2 Ka8 33. Rcb1 Rb8 34. Be3 Nf6 35. Bf2 Rhd8 36. Bb6 Rdc8 37. Kh2 Ne8 38. d4 Rxc4 39. Qxc4 exd4 40. Qxd4 Qc6 41. Ba7 Nd6 42. Bxb8 Kxb8 43. Rb6 Qxe4 44. Qxd6+ 1-0